|
|
|
|
| LEADER |
00000nab#a22000007a#4500 |
| 001 |
arbauad037970 |
| 003 |
AR-BaUAD |
| 005 |
20250711112958.0 |
| 008 |
990707|||||||||###||||||b###|0###a|spa|| |
| 040 |
|
|
|a AR-BaUAD
|c AR-BaUAD
|b spa
|
| 100 |
|
|
|a Biagi, Marco
|
| 245 |
|
|
|a Reinterpretare un classico moderno /
|c Marco Biagi;
|
| 300 |
0 |
|
|b fot., plantas, cortes, vistas, planos
|
| 500 |
|
|
|a Renovación de una villa de piedra construida en 1937 por el arquitecto Edwin Keeble.
|
| 653 |
|
|
|a VIVIENDAS UNIFAMILIARES
|
| 653 |
|
|
|a VIVIENDAS DE PERIMETRO LIBRE
|
| 653 |
|
|
|a PIEDRA
|
| 653 |
|
|
|a RENOVACION ARQUITECTONICA
|
| 653 |
|
|
|a TENNESSEE
|
| 653 |
|
|
|a ESTADOS UNIDOS
|
| 653 |
|
|
|a TUCK-HINTON
|
| 773 |
0 |
|
|t VILLE GIARDINI
|g no. 319 [nov. 1996], p. 2-11
|
| 942 |
|
|
|c ARTI
|
| 952 |
|
|
|0 0
|1 0
|4 0
|7 0
|9 82889
|a AR-BAuAD
|b AR-BAuAD
|d 2025-07-11
|l 0
|p AAQA037970
|r 2025-07-11 11:29:58
|w 2025-07-11
|y ARTI
|
| 990 |
|
|
|a AQ199
|b TD
|
| 998 |
|
|
|a AAQ
|b BIBUN76
|
| 999 |
|
|
|c 62562
|d 62562
|